000
00317 a2200109 4500
001
ART_11617
005
20260410161858.0
008
260409a
245
1
0
_a
ET, OT and SBT
100
1
_a
Musgrave, Richard A.
773
0
_t
Journal of public economics
_g
- Vol. 6, NÂș 1/2 (jul./ago. 1976)
_w
REV11485
999
_c
25671
_d
25671